|
|
|
|
| LEADER |
01464nam a2200361 a 4500 |
| 001 |
30281 |
| 003 |
BD-DhAAL |
| 005 |
20151130234838.0 |
| 008 |
151130r20061997enk b 001 0deng |
| 010 |
|
|
|a 96045153
|
| 020 |
|
|
|a 0521472695 (hard)
|
| 020 |
|
|
|a 0521478618 (pbk.)
|
| 020 |
|
|
|a 9780521472692 hardback
|
| 020 |
|
|
|a 9780521478618 paperback
|
| 040 |
|
|
|a DLC
|c DLC
|d DLC
|d BD-DhAAL
|
| 050 |
0 |
0 |
|a JC153
|b .L79 1997
|
| 082 |
0 |
0 |
|a 320.512
|2 21
|
| 100 |
1 |
|
|a Locke, John,
|d 1632-1704.
|9 16552
|
| 240 |
1 |
0 |
|a Works.
|k Selections.
|f 1997
|
| 245 |
1 |
0 |
|a Locke :
|b political essays /
|c edited by Mark Goldie.
|
| 246 |
3 |
0 |
|a Political essays
|
| 260 |
|
|
|a Cambridge ;
|a New York :
|b Cambridge University Press,
|c 1997 [6th printing 2006]
|
| 300 |
|
|
|a xl, 409 p. ;
|c 23 cm.
|
| 490 |
|
0 |
|a Cambridge texts in the history of political thought
|
| 504 |
|
|
|a Includes bibliographical references (p. 388-395) and index.
|
| 541 |
|
|
|e 30281
|
| 650 |
|
0 |
|a Political science
|x Early works to 1800.
|9 16553
|
| 700 |
1 |
|
|a Goldie, Mark.
|9 16554
|
| 856 |
4 |
2 |
|3 Publisher description
|u http://www.loc.gov/catdir/description/cam028/96045153.html
|
| 856 |
4 |
1 |
|3 Table of contents
|u http://www.loc.gov/catdir/toc/cam022/96045153.html
|
| 942 |
|
|
|2 ddc
|c BK
|
| 999 |
|
|
|c 36322
|d 36322
|
| 952 |
|
|
|0 0
|1 0
|2 ddc
|4 0
|6 320_512000000000000_LOC
|7 0
|9 57107
|a BRACUL
|b BRACUL
|c GEN
|d 2015-11-30
|e Karim International
|g 2969.00
|l 1
|m 30
|o 320.512 LOC
|p 3010030281
|q 2026-01-29
|r 2025-01-29
|s 2025-01-29
|t 1
|w 2015-11-30
|y BK
|